| 000 | 02095cam a2200277 4500 | ||
|---|---|---|---|
| 001 | ##L135938 | ||
| 008 | 061219n2006 000 0 eng u | ||
| 020 |
_a1859462618 _a9781859462614 |
||
| 035 | _a(Sirsi) u135938 | ||
| 041 | 0 | _aeng | |
| 050 | 0 | 4 | _a692.2 $2 18 |
| 110 | 1 |
_aUnited Kingdom _bDepartment for Communities and Local Government _94939 |
|
| 245 | 0 | 4 |
_aThe Building Regulations 2000 _bFire Safety _bApproved Document B _bVolume One - dwellinghouses |
| 260 |
_a[S.l.] _bNBS _c2006 |
||
| 505 | 1 | _aB1: means of warning and escape -- B2: internal fire spread (linings) -- B3: internal fire spread (structure) -- B4: external fire spread -- B5: access and facilities for the fire service -- Appendix A: performance of materials and structures -- Appendix B: fire doors -- Appendix C: methods of measurement -- Appendix D: purpose groups -- Appendix E: definitions -- Appendix F: standards and other publications referred to. | |
| 520 | _aApproved Document B has been split into two volumes, with volume one tailored to dwelling houses. The changes, which come into force on 6 April 2007, will affect future building work in England and Wales, such as the erection, extension or material alteration of a building, and how fire safety is designed into a building. Key changes include the use of residential sprinkler systems in accordance with BS 9251: 2005, amendments to the guidance on smoke alarms in accordance with BS 5839-6: 2004, simplified guidance on means of escape, changes to the use of self-closing devices, and the incorporation of BS EN 13501-5: 2005 into the guidance on roof coverings. | ||
| 590 | _aKA NTK | ||
| 650 | 2 | 4 | _aBUILDING REGULATIONS 2000 APPROVED DOCUMENT B VOLUME ONE (2006 EDITION) |
| 650 | 2 | 4 | _aBS 9251: 2005 |
| 650 | 2 | 4 | _aBS 5839-6: 2004 |
| 650 | 2 | 4 | _aBS EN 13501-5: 2005 |
| 651 | 4 |
_aEngland and Wales _y1543- |
|
| 690 |
_aBuilding regulations _96224 |
||
| 856 | 4 | 0 |
_uhttps://www.planningportal.gov.uk/england/professionals/en/1115314683674.html _zView Approved Document B (Volume One) free of charge at www.planningportal.gov.uk... |
| 942 | _n0 | ||
| 999 |
_c106254 _d106254 |
||